| 000 | 00616nam a22001457a 4500 | ||
|---|---|---|---|
| 005 | 20241126201658.0 | ||
| 008 | 241126b |||||||| |||| 00| 0 eng d | ||
| 020 | _a978040603172X | ||
| 245 | _aThe All England Law Reports 1994 Vol. 1 | ||
| 260 |
_aLondon, UK _bButterworths & Co. (Publishing) Ltd _c1994 |
||
| 300 |
_axx, 1024 pages _c23.5 cm |
||
| 500 | _aEditor ; Hutchesson Peter LLM. Barrister, New Zealand. Assistant Editor ; Watson Brook of Lincoln Inn, Barrister and of the New South Wales Bar. Consulting Editor : Shockett Wendy of Gray's Inn, Barrister. | ||
| 650 |
_2Law Reports _xUK |
||
| 942 |
_2lcc _cBK _n0 |
||
| 999 |
_c1577 _d1577 |
||